A first course in differential equations with modeling applications / (Record no. 1650)
[ view plain ]
| 000 -LEADER | |
|---|---|
| fixed length control field | 01211cam a2200289 a 4500 |
| 003 - CONTROL NUMBER IDENTIFIER | |
| control field | OSt |
| 005 - DATE AND TIME OF LATEST TRANSACTION | |
| control field | 20210629092034.0 |
| 008 - FIXED-LENGTH DATA ELEMENTS--GENERAL INFORMATION | |
| fixed length control field | 000623s2001 at a 001 0 eng |
| 020 ## - INTERNATIONAL STANDARD BOOK NUMBER | |
| International Standard Book Number | 0534379990 (alk. paper) |
| 040 ## - CATALOGING SOURCE | |
| Transcribing agency | DLC |
| 050 00 - LIBRARY OF CONGRESS CALL NUMBER | |
| Classification number | QA372 |
| Item number | .Z54 2001 |
| 100 1# - MAIN ENTRY--PERSONAL NAME | |
| Personal name | Zill, Dennis G., |
| Dates associated with a name | 1940- |
| 245 12 - TITLE STATEMENT | |
| Title | A first course in differential equations with modeling applications / |
| Statement of responsibility, etc. | Dennis G. Zill. |
| 250 ## - EDITION STATEMENT | |
| Edition statement | 7th ed. |
| 260 ## - PUBLICATION, DISTRIBUTION, ETC. | |
| Place of publication, distribution, etc. | Pacific Grove, CA : |
| Name of publisher, distributor, etc. | Brooks/Cole Thomson Learning, |
| Date of publication, distribution, etc. | c2001. |
| 300 ## - PHYSICAL DESCRIPTION | |
| Extent | 1 v. (various pagings) : |
| Other physical details | col. ill. ; |
| Dimensions | 27 cm. |
| 500 ## - GENERAL NOTE | |
| General note | Rev. ed. of: A first course in differential equations. 5th ed. c1993. |
| 500 ## - GENERAL NOTE | |
| General note | Includes index. |
| 650 #0 - SUBJECT ADDED ENTRY--TOPICAL TERM | |
| Topical term or geographic name entry element | Differential equations. |
| 700 1# - ADDED ENTRY--PERSONAL NAME | |
| Personal name | Zill, Dennis G., |
| Dates associated with a name | 1940- |
| Title of a work | First course in differential equations. |
| 906 ## - LOCAL DATA ELEMENT F, LDF (RLIN) | |
| a | 7 |
| b | cbc |
| c | orignew |
| d | 1 |
| e | ocip |
| f | 20 |
| g | y-gencatlg |
| 942 ## - ADDED ENTRY ELEMENTS (KOHA) | |
| Source of classification or shelving scheme | |
| Koha item type | Book |
| Suppress in OPAC | JE |
| Withdrawn status | Lost status | Source of classification or shelving scheme | Damaged status | Not for loan | Permanent Location | Current Location | Shelving location | Date acquired | Total Checkouts | Full call number | Barcode | Date last seen | Date last checked out | Price effective from | Koha item type | Public note |
|---|---|---|---|---|---|---|---|---|---|---|---|---|---|---|---|---|
| AU LIBRARY | AU LIBRARY | Open Shelf | 29.06.2021 | 2 | QA372 .Z54 2001 | 28000453 | 19.10.2023 | 05.10.2023 | 29.06.2021 | Book | JE |